00890cam a2200241 a 450000100100000000500170001000800410002702000150006804000300008304100380011308200180015110000340016924500780020326000400028130000210032153400380034265000310038065000350041170000320044691000340047895201210051299900150063300000286120200929150255.0960913s1998 sp 000 f spa  a950082003X aDO-SdBNPcDLCdOCoLCdDLC17aspaheng2código de idioma Marc a813.54bR813a1 aRosenberg, Nancy Taylor9908410aAbuso de poder /cNancy Taylor Rosenberg ; traducción, Antonio Bonanno. aBuenos Aires :bAtlántida,c1998. a302 p. ;c24 cm. aTítulo original: Abuse of power 4aNovela estadounidense9262 4aLiteratura estadounidense92631 aBonanno, Antonioetr.99085 aCatalogación por copia / LC 001052708MOaGRbGRcHDd2009-07-04iLF1l0o813.54 R813ap2861-10r2020-06-25w2020-06-25y2ZPréstamo interno c2695d2695